| 000 | 00884nam a22001577a 4500 | ||
|---|---|---|---|
| 003 | OSt | ||
| 005 | 20151005162116.0 | ||
| 008 | 151005b xxu||||| |||| 00| 0 eng d | ||
| 040 | _cRUA | ||
| 082 | _aAVM SAN 2001 B072 Or.1 | ||
| 100 |
_92071 _aSANN, VATHANA. |
||
| 245 | _aThe effect of vitamin c supplementation on growth rate, mortality and feed conversion ration of broiler chicken in kingdom of cambodia, ឥទ្ធិពលនៃការប្រើប្រាស់វីតានីនសេ ទៅលើការលូតលាស់ អត្រាស្លាប់ និងលទ្ធភាពនៃការប្រើប្រាស់ចំណីរបស់មាន់សាសច់នៅក្នុងព្រះរាជាណាចក្រកម្ពុជា | ||
| 260 |
_aPhnom Penh _bRUA _c2001 |
||
| 300 |
_ax; 45p. _bill. _c29cm. |
||
| 942 |
_2ddc _cAVM |
||
| 999 |
_c1957 _d1957 |
||